| 000 | 01663nam1a2200325 i 4500 | ||
|---|---|---|---|
| 001 | RU\NLR\bibl\1787613 | ||
| 005 | 20241115065116.0 | ||
| 035 | _a(NLR Aleph) 001778330 | ||
| 090 |
_a1681512 _c1681512 |
||
| 100 | _a20110712g20109999k y0rusy50 ca | ||
| 101 | 1 |
_arus _aeng _alat _beng _cger _erus _eeng |
|
| 102 | _aRU | ||
| 105 | _a||||z ||||| | ||
| 200 | 1 |
_aSobotta. Атлас анатомии человека _e[впервые на трех языках: русский, латинский, английский] _eв 2 т. _fпод ред. Р. Путца и Р. Пабста _gпри участии Ренаты Путц _g[пер. с англ. и науч. редактирование: д.м.н., проф. Владислав Васильевич Куликов] |
|
| 210 |
_aМосква _cРид Элсивер _d2010 |
||
| 215 | _d34 | ||
| 300 | _aЗагл. ориг.: Sobotta. Atlas der Anatomie des Menschen | ||
| 454 | 0 |
_12001#$aSobotta. Atlas der Anatomie des Menschen _tSobotta. Atlas der Anatomie des Menschen |
|
| 463 | 0 | _10011731108 | |
| 463 | 0 | _10011887257 | |
| 517 | 0 | _aАтлас анатомии человека | |
| 606 |
_aЧеловек _jАтласы _xАнатомия _92080069 _3RU\NLR\auth\661255980 |
||
| 686 | _aЕ860я6 | ||
| 702 | 1 |
_aПутц _bР. _gРейнхард _4340 |
|
| 702 | 1 |
_aКуликов _bВ. В. _gВладислав Васильевич _4340 |
|
| 801 | 0 |
_aRU _bNLR _c20110712 _gRCR |
|
| 801 | 1 |
_aRU _bNLR _c20110712 |
|
| 852 |
_aNLR _j2011-9/38 |
||
| 942 | _cBOOK | ||